Vplyv acidobazických vlastností nosiča na aktivitu Pd-Cu katalyzátorov v kvapalnej redukcii dusičnanov

Salvato in:
Dettagli Bibliografici
Autore principale: Rudolfová, Andrea (Autore)
Natura: Manoscritto Libro
Lingua:slovacco
Pubblicazione: Bratislava : STU v Bratislave FCHPT, 2002
Edizione:Obháj.: 5.6.2002
Tags: Aggiungi Tag
Nessun Tag, puoi essere il primo ad aggiungerne!!

MARC

LEADER 00000ntm a22000003a 4500
001 stu76443
005 20150617225645.7
008 020703s2002----xo------------------slo-d
040 |a STU  |b slo 
041 0 |a slo 
044 |a xo 
100 1 |a Rudolfová, Andrea  |4 aut 
245 1 |a Vplyv acidobazických vlastností nosiča na aktivitu Pd-Cu katalyzátorov v kvapalnej redukcii dusičnanov 
250 |a Obháj.: 5.6.2002 
260 |a Bratislava :  |b STU v Bratislave FCHPT,  |c 2002 
300 |a 69 s. Tab.,grafy,lit 
500 |a Špec.: Technológia organických výrob 
996 |b 284C026818  |c C*D13532  |l CCI  |s A  |a 24  |w stu76443_0001